000 00698cam a22002413a 4500
001 4780
003 PGUSA
005 20140828083108.0
008 031201s2003||||xxu|||||s|||||000 | eng d
040 _aPGUSA
_beng
042 _adc
050 4 _aJX
100 1 _aVaknin, Samuel,
_d1961-
245 1 0 _aTerrorists and Freedom Fighters
_h[electronic resource] /
_cSamuel Vaknin
260 _bProject Gutenberg,
_c2003
506 _aCopyrighted. Read the copyright notice inside this book for details.
516 _aElectronic text
653 _aTerrorism
700 1 _aRangelovska, Lidija
830 0 _aProject Gutenberg
_v4780
856 4 0 _uhttp://www.gutenberg.org/ebooks/4780
942 _cEB
999 _c234109
_d234109